|
|
|
|
| LEADER |
01934nam a2200457 i 4500 |
| 001 |
EBC4067511 |
| 003 |
MiAaPQ |
| 005 |
20200917021826.0 |
| 006 |
m o d | |
| 007 |
cr cnu|||||||| |
| 008 |
160201t20162016nyuao ob 001 0 eng d |
| 020 |
|
|
|z 9781631572746
|
| 020 |
|
|
|a 9781631572753
|q (electronic bk.)
|
| 035 |
|
|
|a (MiAaPQ)EBC4067511
|
| 035 |
|
|
|a (Au-PeEL)EBL4067511
|
| 035 |
|
|
|a (CaPaEBR)ebr11119199
|
| 035 |
|
|
|a (CaONFJC)MIL845697
|
| 035 |
|
|
|a (OCoLC)940512535
|
| 040 |
|
|
|a MiAaPQ
|b eng
|e rda
|e pn
|c MiAaPQ
|d MiAaPQ
|
| 050 |
|
4 |
|a HF5415
|b .K784 2016
|
| 082 |
0 |
|
|a 658.8
|2 23
|
| 100 |
1 |
|
|a Kruger, Elizabeth Rush,
|e author.
|
| 245 |
1 |
0 |
|a Marketing plan templates for enhancing profits /
|c Elizabeth Rush Kruger.
|
| 250 |
|
|
|a First edition.
|
| 264 |
|
1 |
|a New York, New York :
|b Business Expert Press,
|c 2016.
|
| 264 |
|
4 |
|c 2016
|
| 300 |
|
|
|a 1 online resource (230 pages) :
|b illustrations, tables, photographs.
|
| 336 |
|
|
|a text
|2 rdacontent
|
| 337 |
|
|
|a computer
|2 rdamedia
|
| 338 |
|
|
|a online resource
|2 rdacarrier
|
| 490 |
1 |
|
|a Marketing Strategy Collection,
|x 2150-9662
|
| 504 |
|
|
|a Includes bibliographical references and index.
|
| 588 |
|
|
|a Description based on online resource; title from PDF title page (ebrary, viewed January 28, 2016).
|
| 590 |
|
|
|a Electronic reproduction. Ann Arbor, MI : ProQuest, 2016. Available via World Wide Web. Access may be limited to ProQuest affiliated libraries.
|
| 650 |
|
0 |
|a Marketing.
|
| 650 |
|
0 |
|a Profit.
|
| 655 |
|
4 |
|a Electronic books.
|
| 776 |
0 |
8 |
|i Print version:
|a Kruger, Elizabeth Rush.
|t Marketing plan templates for enhancing profits.
|b First edition.
|d New York, New York : Business Expert Press, c2016
|h xxi, 203 pages
|k Marketing strategy collection.
|z 9781631572746
|
| 797 |
2 |
|
|a ProQuest (Firm)
|
| 830 |
|
0 |
|a Marketing strategy collection.
|
| 856 |
4 |
0 |
|u https://ebookcentral.proquest.com/lib/matrademy/detail.action?docID=4067511
|z Click to View
|